Regular and stochastic motion
Αποθηκεύτηκε σε:
| Κύριος συγγραφέας: | |
|---|---|
| Άλλοι συγγραφείς: | |
| Μορφή: | Βιβλίο |
| Γλώσσα: | English |
| Δημοσίευση: |
New York :
Springer-Verlag,
c1983
|
| Σειρά: | Applied mathematical sciences (Springer-Verlag New York Inc.)
; 38 |
| Θέματα: | |
| Ετικέτες: |
Προσθήκη ετικέτας
Δεν υπάρχουν, Καταχωρήστε ετικέτα πρώτοι!
|
MARC
| LEADER | 00000cam a2200000 i 4500 | ||
|---|---|---|---|
| 001 | 1/30953 | ||
| 008 | 941103s1983 eng d | ||
| 020 | |a 0387907076 | ||
| 035 | |l 10038701 | ||
| 040 | |a GR-MY-UA |b gre |e aacr | ||
| 041 | 0 | |a eng | |
| 082 | 0 | |a 531.322 |2 (19) | |
| 100 | 1 | |a Lichtenberg, Allan J. | |
| 245 | 1 | 0 | |a Regular and stochastic motion / |c A.J. Lichtenberg, M.A. Lieberman |
| 260 | |a New York : |b Springer-Verlag, |c c1983 | ||
| 300 | |a xxi, 499 p.; |b ill.; |c 24 cm. | ||
| 490 | 1 | |a Applied mathematical sciences (Springer-Verlag New York Inc.) |v ; 38 | |
| 500 | |a Bibliography: p. [471]-482 | ||
| 500 | |a Includes indexes | ||
| 650 | 0 | 0 | |a Nonlinear oscillations. |
| 650 | 0 | 0 | |a Stochastic processes. |
| 650 | 0 | 0 | |a Hamiltonian systems. |
| 700 | 1 | |a Lieberman, M. A. |q (Michael A.) | |
| 830 | 0 | |a Applied mathematical sciences (Springer-Verlag New York Inc.) |v ; 38 | |
| 852 | |a INST |b SAMOS |e 19941103 |h 531.322 LIC |p 005300000755 |q 005300000755 |t BK |y 0 | ||
| 909 | |a Σ |b 009316 | ||